[Event "Mechanics' Spring TNM; 30/90, SD/30"]
[Site "San Francisco"]
[Date "2010.05.04"]
[Round "8.18"]
[White "Nelson, Christopher"]
[Black "Rosenstein, Perry"]
[Result "1-0"]
[WhiteElo "1648"]
[BlackElo "1529"]
[PlyCount "65"]
[EventDate "2010.??.??"]

1. e4 c5 2. b4 e5 3. Bc4 Nf6 4. d3 Nc6 5. Nf3 cxb4 6. Ng5 d5 7. exd5 Nxd5 8.
Nxf7 Kxf7 9. Qf3+ Qf6 10. Bxd5+ Be6 11. Bxe6+ Kxe6 12. Qg4+ Qf5 13. Qc4+ Kd7
14. Be3 Bd6 15. Nd2 Rac8 16. Qb5 Ke7 17. Ne4 Rc7 18. Nxd6 Kxd6 19. Bc5+ Kd7 20.
Bxb4 Qg4 21. Qd5+ Kc8 22. Bd2 Nd4 23. O-O Rf8 24. Kh1 h5 25. Rab1 h4 26. h3 Qf5
27. Be3 Ne2 28. Bxa7 Nc3 29. Qa5 Nxb1 30. Rxb1 Rxc2 31. Bc5 Rxf2 32. Qa8+ Kd7
33. Qxb7+ 1-0

[Event "Mechanics' Spring TNM; 30/90, SD/30"]
[Site "San Francisco"]
[Date "2010.03.16"]
[Round "1.1"]
[White "Newey, Richard"]
[Black "Grefe, John"]
[Result "0-1"]
[WhiteElo "1754"]
[BlackElo "2373"]
[PlyCount "74"]
[EventDate "2010.??.??"]

1. e4 c5 2. Nf3 e6 3. c4 Nc6 4. Nc3 a6 5. b3 g6 6. Bb2 Bg7 7. Be2 Nge7 8. O-O
O-O 9. Na4 Nd4 10. Rb1 d6 11. Nxd4 cxd4 12. c5 dxc5 13. Nxc5 b6 14. Nd3 Bb7 15.
e5 Be4 16. f4 Nd5 17. g3 g5 18. Rc1 gxf4 19. Nf2 Bg6 20. Bxd4 fxg3 21. hxg3 Qg5
22. Nh1 Bxe5 23. Bxe5 Qxe5 24. Bf3 Rac8 25. Qe2 Qd6 26. Rxc8 Rxc8 27. Qxa6 Ne7
28. Qe2 Bd3 29. Qf2 Bxf1 30. Kxf1 Rc1+ 31. Kg2 Rc2 32. Qe3 Qxd2+ 33. Qxd2 Rxd2+
34. Nf2 Rxa2 35. Bd1 Nf5 36. Kf3 Nd4+ 37. Ke3 Nxb3 0-1

[Event "Mechanics' Spring TNM; 30/90, SD/30"]
[Site "San Francisco"]
[Date "2010.04.20"]
[Round "6.18"]
[White "Newey, Richard"]
[Black "MacIntyre, Brendan"]
[Result "1/2-1/2"]
[WhiteElo "1754"]
[BlackElo "1670"]
[PlyCount "99"]
[EventDate "2010.??.??"]

1. e4 c5 2. Nf3 Nc6 3. Nc3 g6 4. d4 cxd4 5. Nxd4 Bg7 6. Nxc6 bxc6 7. Qf3 Rb8 8.
Bc4 e6 9. O-O d5 10. Bb3 Qf6 11. Qg3 Rb7 12. Bg5 Qe5 13. Bf4 Qh5 14. Rfe1 Ne7
15. Rad1 O-O 16. exd5 Nf5 17. Qg5 Qxg5 18. Bxg5 exd5 19. Bf4 Be6 20. Na4 Rb5
21. c3 Re8 22. h3 h5 23. Be5 Ne7 24. Bxg7 Kxg7 25. Bc2 c5 26. b3 c4 27. Nb2
cxb3 28. axb3 Rc8 29. Na4 Nc6 30. Rd2 Na5 31. b4 Nc4 32. Rde2 Rc6 33. Nc5 Kf6
34. Ba4 Rbxc5 35. bxc5 Rxc5 36. Bb3 a5 37. Bxc4 Rxc4 38. Ra1 a4 39. Re3 Ke7 40.
Rd3 Kd6 41. Rd4 Kc5 42. Rxa4 Rxc3 43. Kf1 Bd7 44. Rab4 Bb5+ 45. Ke1 Bc4 46.
Rbxc4+ Rxc4 47. Rd3 Re4+ 48. Kd2 d4 49. Rf3 f5 50. Ra3 1/2-1/2

[Event "Mechanics' Spring TNM; 30/90, SD/30"]
[Site "San Francisco"]
[Date "2010.04.13"]
[Round "5.12"]
[White "Newey, Richard"]
[Black "Shakhnazarov, Oleg"]
[Result "0-1"]
[WhiteElo "1754"]
[BlackElo "2208"]
[PlyCount "86"]
[EventDate "2010.??.??"]

1. e4 e6 2. d4 Be7 3. Nf3 g5 4. Nc3 d6 5. Be3 Nd7 6. Bc4 a6 7. a4 Nf8 8. O-O
Ng6 9. Nd2 h5 10. Qe1 Nh6 11. Be2 Ng4 12. Bxg4 hxg4 13. f4 gxf4 14. Bxf4 e5 15.
Be3 c6 16. Qf2 Rh7 17. Rad1 exd4 18. Bxd4 Be6 19. Bb6 Qb8 20. g3 Ne5 21. b3 Bg5
22. Be3 Qd8 23. Ne2 Qe7 24. Nd4 Bxe3 25. Qxe3 O-O-O 26. Nxe6 fxe6 27. Rf4 Qg5
28. Rdf1 Ng6 29. R4f3 Qc5 30. Qxc5 dxc5 31. R3f2 b5 32. Re1 Ne5 33. Ree2 c4 34.
Rf6 c3 35. Nb1 Nf3+ 36. Kf2 b4 37. Rxe6 Kc7 38. Rg6 Nd4 39. Nxc3 bxc3 40. Re3
Rxh2+ 41. Kf1 Nxc2 42. Rg7+ Kb8 43. Kg1 Nxe3 0-1

[Event "Mechanics' Spring TNM; 30/90, SD/30"]
[Site "San Francisco"]
[Date "2010.03.16"]
[Round "1.5"]
[White "Oca, Homer"]
[Black "Fuentes, Romulo"]
[Result "0-1"]
[WhiteElo "1703"]
[BlackElo "2201"]
[PlyCount "46"]
[EventDate "2010.??.??"]

1. e4 c5 2. a3 Nc6 3. h3 Nf6 4. Nc3 e6 5. g4 d5 6. Bg2 d4 7. Nce2 Be7 8. d3 e5
9. Ng3 g6 10. N1e2 h5 11. g5 Nh7 12. h4 Bg4 13. f3 Be6 14. O-O Qd7 15. f4 exf4
16. Bxf4 f6 17. b4 fxg5 18. Bxg5 Nxg5 19. hxg5 Bxg5 20. Nf4 h4 21. Nxg6 Be3+
22. Kh1 hxg3+ 23. Nxh8 Qh7+ 0-1

[Event "Mechanics' Spring TNM; 30/90, SD/30"]
[Site "San Francisco"]
[Date "2010.03.30"]
[Round "3.10"]
[White "Oca, Homer"]
[Black "Traub, Igor"]
[Result "0-1"]
[WhiteElo "1703"]
[BlackElo "2104"]
[PlyCount "56"]
[EventDate "2010.??.??"]

1. a3 e5 2. h3 d5 3. d4 exd4 4. Qxd4 c5 5. Qd2 Nf6 6. c3 Bd6 7. Qc2 Nc6 8. g4
Ne4 9. Nf3 f5 10. Nbd2 O-O 11. Qd3 Bc7 12. g5 Bb6 13. e3 c4 14. Qe2 Nc5 15. Qd1
f4 16. Nd4 fxe3 17. N2f3 exf2+ 18. Kxf2 Nxd4 19. cxd4 Nb3 20. Be3 Bf5 21. Be2
Qe7 22. Bf4 Nxa1 23. Re1 Be4 24. Be5 Nc2 25. Kg3 Nxe1 26. Qxe1 Bxf3 27. Bxf3
Qxg5+ 28. Bg4 h5 0-1

[Event "Mechanics' Spring TNM; 30/90, SD/30"]
[Site "San Francisco"]
[Date "2010.04.06"]
[Round "4.25"]
[White "Olson, David"]
[Black "Blum, Paul"]
[Result "1-0"]
[WhiteElo "1471"]
[BlackElo "629"]
[PlyCount "31"]
[EventDate "2010.??.??"]

1. e4 Nc6 2. d4 d6 3. Bb5 Bd7 4. Nf3 g6 5. O-O Bg7 6. Nc3 e5 7. dxe5 dxe5 8.
Bxc6 Bxc6 9. Qe2 Nf6 10. Nxe5 Nxe4 11. Nxc6 bxc6 12. Qxe4+ Qe7 13. Qxc6+ Kf8
14. Qxa8+ Qe8 15. Qxe8+ Kxe8 16. Bg5 1-0

[Event "Mechanics' Spring TNM; 30/90, SD/30"]
[Site "San Francisco"]
[Date "2010.04.27"]
[Round "7.18"]
[White "Olson, David"]
[Black "Newey, Richard"]
[Result "0-1"]
[WhiteElo "1471"]
[BlackElo "1754"]
[PlyCount "80"]
[EventDate "2010.??.??"]

1. d4 Nf6 2. c4 e6 3. Nc3 Bb4 4. f3 d5 5. Bg5 h6 6. Bh4 Nc6 7. e3 g5 8. Bg3 O-O
9. Qc2 Nh5 10. O-O-O Bxc3 11. Qxc3 Qe7 12. Be2 dxc4 13. Bxc4 a5 14. a3 a4 15.
Ne2 Na5 16. Ba2 Ra6 17. Kb1 c6 18. h4 Nxg3 19. Nxg3 gxh4 20. Ne4 b6 21. g4 Bb7
22. Rdg1 c5 23. g5 Bxe4+ 24. fxe4 hxg5 25. Rxh4 f6 26. dxc5 Nb3 27. Rhg4 Qxc5
28. Qd3 Rc8 29. Bxb3 axb3 30. Qxb3 Qe5 31. Rd1 b5 32. Rd7 Rac6 33. Qb4 Rc2 34.
Rg1 Qc5 35. Qa5 Rc1+ 36. Rxc1 Qxc1+ 37. Ka2 Qc4+ 38. Ka1 Qxe4 39. Qa7 Rc1+ 40.
Ka2 Qc4+ 0-1

[Event "Mechanics' Spring TNM; 30/90, SD/30"]
[Site "San Francisco"]
[Date "2010.03.23"]
[Round "2.19"]
[White "Olson, David"]
[Black "Palmeri, Ralph"]
[Result "1/2-1/2"]
[WhiteElo "1471"]
[BlackElo "1718"]
[PlyCount "100"]
[EventDate "2010.??.??"]

1. e4 c5 2. Nf3 Nc6 3. d4 cxd4 4. Nxd4 Nf6 5. Nc3 e6 6. Ndb5 d6 7. Bg5 Be7 8.
Bc4 a6 9. Nd4 O-O 10. O-O Bd7 11. Nce2 Nxe4 12. Be3 Ne5 13. Bb3 Rc8 14. Nf4 Nc5
15. Qe2 Bf6 16. Rad1 Qc7 17. Nh5 Be7 18. f4 Nc6 19. Qg4 g6 20. Nxc6 Qxc6 21. f5
exf5 22. Qf4 Nxb3 23. cxb3 Qe4 24. Qh6 gxh5 25. Rf3 Kh8 26. Rg3 Rg8 27. Bd4+
Qxd4+ 28. Rxd4 Rxg3 29. hxg3 Be6 30. Qxh5 Rc1+ 31. Kh2 Rc2 32. Qf3 Rc6 33. Rb4
Bc8 34. Qe3 Bf6 35. Qe8+ Kg7 36. Rc4 Rxc4 37. bxc4 Be6 38. b3 d5 39. cxd5 Bxd5
40. Qd7 Be4 41. g4 fxg4 42. Qxg4+ Bg6 43. Kg3 h5 44. Qd7 Be4 45. a4 Kg6 46. b4
Be5+ 47. Kf2 Bc6 48. Qe7 f6 49. Qc5 Bxa4 50. Qc4 Kg7 1/2-1/2

[Event "Mechanics' Spring TNM; 30/90, SD/30"]
[Site "San Francisco"]
[Date "2010.04.13"]
[Round "5.18"]
[White "Olson, David"]
[Black "Ramachandran, Jayakrishnan"]
[Result "0-1"]
[WhiteElo "1471"]
[BlackElo "1932"]
[PlyCount "71"]
[EventDate "2010.??.??"]

1. e4 d6 2. d4 Nf6 3. Bd3 e5 4. dxe5 dxe5 5. Nf3 Nc6 6. c3 Bg4 7. O-O Bd6 8.
Nbd2 O-O 9. Qb3 Na5 10. Qc2 Nh5 11. h3 Be6 12. b4 Nc6 13. Nc4 Bxc4 14. Bxc4 Nf4
15. Nh2 Qg5 16. Bxf4 exf4 17. f3 a5 18. b5 Qc5+ 19. Kh1 Qxc4 20. bxc6 Qxc6 21.
Rad1 Rfd8 22. Rd5 Be7 23. Rfd1 Bf6 24. c4 Rxd5 25. exd5 Qc5 26. Ng4 Be7 27. Re1
Bd6 28. Qe4 h5 29. Nf2 Qxf2 30. Re2 Qf1+ 31. Kh2 Bc5 32. Re1 Qf2 33. Qe5 Bd6
34. Qe4 Qxa2 35. Re2 Qa1 36. Qf5 0-1

[Event "Mechanics' Spring TNM; 30/90, SD/30"]
[Site "San Francisco"]
[Date "2010.03.30"]
[Round "3.21"]
[White "Palmeri, Ralph"]
[Black "James, Charles"]
[Result "1-0"]
[WhiteElo "1718"]
[BlackElo "1305"]
[PlyCount "125"]
[EventDate "2010.??.??"]

1. e4 e6 2. Nf3 d5 3. Bb5+ c6 4. Bd3 c5 5. exd5 exd5 6. O-O Nf6 7. Re1+ Be7 8.
Qe2 Nc6 9. Bb5 Be6 10. Ng5 Qd7 11. Nc3 a6 12. Bxc6 Qxc6 13. Nxe6 fxe6 14. Qxe6
Qxe6 15. Rxe6 Kf7 16. Rb6 Ra7 17. d3 Bd8 18. Rb3 b5 19. Bg5 c4 20. Nxb5 axb5
21. Rxb5 Re8 22. h3 Rae7 23. Kf1 Re2 24. c3 Rc2 25. dxc4 dxc4 26. Be3 Ne4 27.
a4 Nd2+ 28. Ke1 Nb3 29. Rb1 Rc1+ 30. Rxc1 Nxc1 31. a5 Re6 32. Rd5 Ke8 33. Rd4
Nd3+ 34. Kd2 Nxb2 35. Kc2 Nd3 36. Rxc4 Nxf2 37. Kd2 Ne4+ 38. Kd3 Nd6 39. Ra4
Nf5 40. Bc5 Ra6 41. Bb4 Ne7 42. Kc4 Kd7 43. Kb5 Ra8 44. a6 Rb8+ 45. Kc4 Bb6 46.
Ra2 Nc6 47. Rd2+ Ke8 48. Bd6 Rd8 49. Re2+ Kd7 50. Kd5 Ra8 51. Ra2 Na5 52. c4
Rxa6 53. c5 Bd8 54. Rf2 Bf6 55. g4 Nb7 56. g5 Ba1 57. Rf7+ Kc8 58. Rc7+ Kb8 59.
Bf4 Ka7 60. c6 Ra5+ 61. Ke6 Ra6 62. Kd7 Rb6 63. Be3 1-0

[Event "Mechanics' Spring TNM; 30/90, SD/30"]
[Site "San Francisco"]
[Date "2010.04.13"]
[Round "5.11"]
[White "Palmeri, Ralph"]
[Black "Liu, Daniel"]
[Result "0-1"]
[WhiteElo "1718"]
[BlackElo "1973"]
[PlyCount "51"]
[EventDate "2010.??.??"]

1. e4 c5 2. Nf3 Nc6 3. Nc3 g6 4. g3 Bg7 5. Bg2 d6 6. d3 e5 7. Nd5 Be6 8. c3 Qd7
9. Bd2 Nge7 10. Ng5 Bxd5 11. exd5 Nd8 12. O-O h6 13. Nh3 Nxd5 14. Bxd5 Qxh3 15.
Re1 O-O 16. Re4 Qf5 17. Qe2 Nc6 18. Rf1 Ne7 19. Bb3 Qd7 20. f4 d5 21. Re3 (21.
Rxe5) 21... Nf5 22. Ref3 e4 23. dxe4 dxe4 24. R3f2 Rfe8 25. Be3 Qc6 26. Rd1 0-1

[Event "Mechanics' Spring TNM; 30/90, SD/30"]
[Site "San Francisco"]
[Date "2010.03.16"]
[Round "1.3"]
[White "Palmeri, Ralph"]
[Black "Shakhnazarov, Oleg"]
[Result "0-1"]
[WhiteElo "1718"]
[BlackElo "2208"]
[PlyCount "84"]
[EventDate "2010.??.??"]

1. Nf3 d6 2. g3 g6 3. Bg2 Bg7 4. d4 Nd7 5. c3 Ngf6 6. Nbd2 O-O 7. e4 c6 8. O-O
Qc7 9. Re1 e5 10. Nf1 a5 11. a4 Re8 12. Qd3 b6 13. Bg5 Ba6 14. Qc2 h6 15. Bd2
Rad8 16. Rad1 Nf8 17. Ne3 Ne6 18. Bc1 h5 19. Nh4 exd4 20. cxd4 Nh7 21. Nf3 Bb7
22. Rd2 c5 23. d5 Nef8 24. Rde2 Qc8 25. Nc4 Qc7 26. Re3 Nd7 27. Rb3 Ba6 28. Bh3
Bxc4 29. Qxc4 Ndf6 30. Bf4 Ng4 31. Bf1 f5 32. Bd3 fxe4 33. Rxe4 Rf8 34. Re6
Rxf4 35. Qxf4 Rf8 36. Qe4 c4 37. Bxc4 Qc5 38. Qe2 Nxf2 39. Kg2 h4 40. Nxh4 Ng5
41. Nxg6 Nfh3 42. Nxf8 Qg1# 0-1

[Event "Mechanics' Spring TNM; 30/90, SD/30"]
[Site "San Francisco"]
[Date "2010.04.27"]
[Round "7.11"]
[White "Palmeri, Ralph"]
[Black "Shnaiderman, Lazar"]
[Result "1-0"]
[WhiteElo "1718"]
[BlackElo "1873"]
[PlyCount "81"]
[EventDate "2010.??.??"]

1. e4 c5 2. Nf3 g6 3. g3 Nc6 4. c3 Bg7 5. Bg2 d5 6. exd5 Qxd5 7. Na3 Qe4+ 8.
Kf1 Qd3+ 9. Kg1 Nf6 10. Bf1 Qd8 11. Nc4 O-O 12. d3 Nd5 13. Bg5 h6 14. Bd2 Kh7
15. Qc2 Bg4 16. Bg2 Qd7 17. Re1 Bxf3 18. Bxf3 Rad8 19. h4 Nf6 20. Be2 b5 21.
Ne3 Ne5 22. d4 cxd4 23. cxd4 Qxd4 24. Bc3 Qc5 25. b4 Qc7 26. h5 Rc8 27. hxg6+
fxg6 28. Rc1 Qb7 29. Qd1 Ne4 30. Bxe5 Rxc1 31. Qxc1 Bxe5 32. Ng4 Bg7 33. Rh2 (
33. Rxh6+) 33... h5 34. Qe3 Nf6 35. Ne5 Qe4 $2 36. Nxg6 $1 Qb1+ 37. Kg2 Rd8 38.
Nf4 Qxb4 39. Bd3+ Kg8 40. Qe6+ Kf8 41. Bg6 1-0

[Event "Mechanics' Spring TNM; 30/90, SD/30"]
[Site "San Francisco"]
[Date "2010.05.04"]
[Round "8.9"]
[White "Periwal, Prashant"]
[Black "Byambaa, Uyanga"]
[Result "0-1"]
[WhiteElo "1839"]
[BlackElo "1803"]
[PlyCount "64"]
[EventDate "2010.??.??"]

1. e4 c5 2. Nf3 Nc6 3. Nc3 g6 4. Bb5 Bg7 5. O-O d6 6. d4 cxd4 7. Nxd4 Bd7 8.
Be3 Nf6 9. h3 O-O 10. Qd2 a6 11. Be2 b5 12. a3 Rc8 13. f4 Na5 14. Kh1 Nc4 15.
Bxc4 Rxc4 16. Qd3 Qc7 17. Rae1 Nh5 18. Nd5 Qd8 19. b3 Rc8 20. Ne2 Bc6 21. Nb4
Bb7 22. Bd4 Bxd4 23. Nxd4 Nxf4 24. Rxf4 e5 25. Rf2 exd4 26. Qxd4 Qh4 27. Ree2
Rfe8 28. Nd5 Bxd5 29. Qxd5 Rcd8 30. Qc6 Qh5 31. Rd2 Re6 32. Qxa6 Rxe4 {
The scoresheets end here with a an equal position. Black later won.} 0-1

[Event "Mechanics' Spring TNM; 30/90, SD/30"]
[Site "San Francisco"]
[Date "2010.03.30"]
[Round "3.17"]
[White "Periwal, Prashant"]
[Black "Frank, Robert"]
[Result "1-0"]
[WhiteElo "1839"]
[BlackElo "1212"]
[PlyCount "73"]
[EventDate "2010.??.??"]

1. e4 e5 2. d4 exd4 3. c3 dxc3 4. Bc4 Qe7 5. Nxc3 Nf6 6. Bg5 c6 7. Qe2 d6 8. f4
Bg4 9. Nf3 Bxf3 10. gxf3 Nbd7 11. O-O-O h6 12. Bh4 O-O-O 13. Rd3 Rg8 14. Rhd1
g5 15. Bg3 Nh5 16. Rxd6 gxf4 17. Bf2 Rg6 18. Rxg6 fxg6 19. Bxa7 Ne5 20. Bb3
Rxd1+ 21. Qxd1 Qd7 22. Qe2 b5 23. Bb6 Qd3 24. Qxd3 Nxd3+ 25. Kd2 Ne5 26. Ke2
Nf6 27. Be6+ Kb7 28. Bd4 Bd6 29. a4 Ka6 30. axb5+ cxb5 31. Nd5 Ned7 32. Nxf6
Be5 33. Bxe5 Nxe5 34. Ng4 Nxg4 35. Bxg4 Kb6 36. h4 Kc5 37. e5 1-0

[Event "Mechanics' Spring TNM; 30/90, SD/30"]
[Site "San Francisco"]
[Date "2010.04.20"]
[Round "6.7"]
[White "Periwal, Prashant"]
[Black "Grey, Peter"]
[Result "0-1"]
[WhiteElo "1839"]
[BlackElo "2007"]
[PlyCount "32"]
[EventDate "2010.??.??"]

1. e4 e5 2. d4 exd4 3. c3 d5 4. exd5 Qxd5 5. Be3 Nf6 6. cxd4 Bb4+ 7. Nd2 Nc6 8.
Ngf3 Bg4 9. Be2 O-O 10. O-O Rad8 11. h3 Bh5 12. Bc4 Qf5 13. g4 Nxg4 14. Nh4
Nxe3 15. Nxf5 Nxd1 16. f3 Nxb2 0-1

[Event "Mechanics' Spring TNM; 30/90, SD/30"]
[Site "San Francisco"]
[Date "2010.04.13"]
[Round "5.15"]
[White "Periwal, Prashant"]
[Black "Salvo, Tab"]
[Result "1-0"]
[WhiteElo "1839"]
[BlackElo "1692"]
[PlyCount "51"]
[EventDate "2010.??.??"]

1. e4 c5 2. Nf3 d6 3. Nc3 a6 4. a4 Nc6 5. d4 cxd4 6. Nxd4 e6 7. Be3 Nf6 8. Be2
Be7 9. f4 Qc7 10. Bf3 Bd7 11. Qd2 O-O 12. O-O Rfd8 13. Qf2 Re8 14. g4 Kh8 15.
g5 Ng8 16. Rad1 Bf8 17. Bg4 Nge7 18. f5 e5 19. Nde2 Rac8 20. Qh4 g6 21. Rf3 h5
22. gxh6 Ng8 23. h7 Bg7 24. hxg8=Q+ Kxg8 25. f6 Bf8 26. Rh3 1-0

[Event "Mechanics' Spring TNM; 30/90, SD/30"]
[Site "San Francisco"]
[Date "2010.03.16"]
[Round "1.18"]
[White "Ramachandran, Jayakrishnan"]
[Black "Hilliard, Michael"]
[Result "1-0"]
[WhiteElo "1932"]
[BlackElo "1428"]
[PlyCount "77"]
[EventDate "2010.??.??"]

1. e4 c6 2. g3 d5 3. exd5 cxd5 4. Bg2 e5 5. d3 Nf6 6. h3 Nc6 7. Nc3 Bb4 8. Bd2
O-O 9. Nge2 Re8 10. O-O Bf5 11. Bg5 Be6 12. Kh2 Be7 13. Bd2 a6 14. f4 d4 15.
Ne4 Qb6 16. b3 Bf5 17. Nxf6+ gxf6 18. fxe5 Bg6 19. exf6 Bd6 20. Nf4 Qc7 21. Qg4
Ne5 22. Qg5 Qxc2 23. Nxg6 hxg6 24. Be4 Qc7 25. h4 Qd7 26. h5 Qg4 27. Qxg4 Nxg4+
28. Kh3 gxh5 29. Kh4 Re6 30. Bg5 Be5 31. Bf5 Rc6 32. Bxg4 hxg4 33. Kxg4 Rc2 34.
Rf5 Bc7 35. Rh1 Rg2 36. Bf4 Bxf4 37. Rxf4 Rd8 38. Kf3 Rd2 39. Rg4+ 1-0

[Event "Mechanics' Spring TNM; 30/90, SD/30"]
[Site "San Francisco"]
[Date "2010.04.20"]
[Round "6.13"]
[White "Ramachandran, Jayakrishnan"]
[Black "Palmeri, Ralph"]
[Result "0-1"]
[WhiteElo "1932"]
[BlackElo "1718"]
[PlyCount "92"]
[EventDate "2010.??.??"]

1. e4 c5 2. Nf3 e6 3. d4 cxd4 4. Nxd4 Nc6 5. g3 Nf6 6. Bg2 Be7 7. O-O d6 8. Nc3
Bd7 9. Be3 O-O 10. h3 a6 11. Qd2 Qc7 12. f4 Rac8 13. Nde2 Rfd8 14. Na4 Qa5 15.
Nec3 d5 16. Bb6 Qb4 17. a3 Qd6 18. e5 Nxe5 19. fxe5 Qxe5 20. Bxd8 Bxd8 21. b3
b5 22. Rae1 Qxg3 23. Rf3 Qd6 24. Nb2 Qxa3 25. Nbd1 Ba5 26. Qg5 h6 27. Qf4 Qc5+
28. Kh1 Bc7 29. Qd2 b4 30. Na4 Qd6 31. Bf1 d4 32. Kg1 e5 33. Rd3 Bb8 34. Ndb2
Bf5 35. Nc4 Qe6 36. Rxd4 Ba7 37. Rxe5 Rxc4 38. Rxe6 Rxd4 39. Bd3 Rxd3+ 40. Qf2
Bxf2+ 41. Kxf2 Rd2+ 42. Ke3 Rxc2 43. Rxa6 Rh2 44. Kf4 Be6 45. Rb6 Rxh3 46. Rb8+
Kh7 0-1

[Event "Mechanics' Spring TNM; 30/90, SD/30"]
[Site "San Francisco"]
[Date "2010.03.30"]
[Round "3.13"]
[White "Ramachandran, Jayakrishnan"]
[Black "Salvo, Tab"]
[Result "0-1"]
[WhiteElo "1932"]
[BlackElo "1692"]
[PlyCount "126"]
[EventDate "2010.??.??"]

1. e4 c5 2. Nf3 d6 3. d4 cxd4 4. Nxd4 Nf6 5. Nc3 a6 6. g3 e6 7. Bg2 Be7 8. O-O
Qc7 9. Be3 Bd7 10. h3 O-O 11. Qd2 Nc6 12. f4 Nxd4 13. Bxd4 Bc6 14. Rad1 b5 15.
e5 dxe5 16. Bxe5 Bc5+ 17. Kh2 Qb7 18. Bxf6 gxf6 19. Qe2 f5 20. a3 Rad8 21. Bxc6
Qxc6 22. Rd3 Bb6 23. Qf3 Qxf3 24. Rfxf3 Rxd3 25. Rxd3 Rd8 26. Rxd8+ Bxd8 27.
Ne2 Bb6 28. Kg2 Kf8 29. Kf3 h5 30. Nc1 f6 31. Nd3 a5 32. b3 Ke7 33. c3 Kd6 34.
Nb2 Bc5 35. a4 Ba3 36. Nd3 bxa4 37. bxa4 Kd5 38. Nf2 Kc4 39. g4 fxg4+ 40. hxg4
hxg4+ 41. Kxg4 f5+ 42. Kg5 Be7+ 43. Kg6 Bd6 44. Kf6 Bxf4 45. Kxe6 Be3 46. Nd1
f4 47. Kf5 Kd3 48. c4 Kxc4 49. Ke4 Bc1 50. Nf2 Kb3 51. Kd3 Kxa4 52. Kc4 Be3 53.
Nd1 Bd2 54. Kd3 Bb4 55. Ke4 Bd6 56. Nc3+ Kb4 57. Ne2 a4 58. Nc1 a3 59. Kd3 Be5
60. Ke4 Bb2 61. Nd3+ Kc3 62. Nxf4 a2 63. Nd5+ Kb3 0-1

[Event "Mechanics' Spring TNM; 30/90, SD/30"]
[Site "San Francisco"]
[Date "2010.05.04"]
[Round "8.10"]
[White "Ramachandran, Jayakrishnan"]
[Black "Woebcke, Carl"]
[Result "1-0"]
[WhiteElo "1932"]
[BlackElo "1748"]
[PlyCount "93"]
[EventDate "2010.??.??"]

1. e4 c5 2. Nf3 d6 3. d4 cxd4 4. Nxd4 Nf6 5. Nc3 a6 6. g3 e5 7. Nb3 Bg4 8. f3
Be6 9. Be3 Nbd7 10. Bg2 Nb6 11. Nd2 d5 12. exd5 Nbxd5 13. Nxd5 Nxd5 14. Bf2 Qc7
15. c3 Bc5 16. Qe2 O-O 17. O-O Rfe8 18. Rfe1 f6 19. Ne4 Bxf2+ 20. Qxf2 Rac8 21.
Rad1 Red8 22. Bf1 Qa5 23. a3 Qb6 24. Rd2 Kf7 25. Red1 Qxf2+ 26. Kxf2 b5 27. b3
Ke7 28. c4 Nc7 29. Rxd8 Rxd8 30. Rxd8 Kxd8 31. cxb5 axb5 32. b4 Ke7 33. Ke3 f5
34. Nc3 Bd7 35. Bd3 Kd6 36. Kd2 g6 37. Be2 Bc6 38. Bd1 e4 39. fxe4 fxe4 40. Ke3
Ke5 41. Bb3 g5 42. Bg8 h6 43. Bf7 Kf6 44. Bb3 Ke5 45. Bg8 Be8 46. Nxe4 Nd5+ 47.
Bxd5 1-0

[Event "Mechanics' Spring TNM; 30/90, SD/30"]
[Site "San Francisco"]
[Date "2010.04.13"]
[Round "5.17"]
[White "Rettenmaier, Robert"]
[Black "Krasnov, Steven"]
[Result "0-1"]
[WhiteElo "1637"]
[BlackElo "1944"]
[PlyCount "90"]
[EventDate "2010.??.??"]

1. e4 c5 2. Nf3 Nc6 3. d4 cxd4 4. Nxd4 e6 5. Nc3 Qc7 6. Bc4 a6 7. Bb3 Nf6 8.
Bg5 Be7 9. Qd2 b5 10. a3 Bb7 11. f4 h6 12. Bh4 Nxe4 13. Nxe4 Bxh4+ 14. g3 Be7
15. O-O-O f5 16. Nxf5 exf5 17. Nd6+ Bxd6 18. Qxd6 Qxd6 19. Rxd6 O-O-O 20. Re1
g5 21. Rf6 Rdf8 22. fxg5 hxg5 23. Rg6 g4 24. Re2 Nd4 25. Rd2 Nf3 26. Rd1 Rxh2
27. Bd5 Bxd5 28. Rxd5 Rh1+ 29. Rd1 Rxd1+ 30. Kxd1 Re8 31. c3 Re6 32. Rg8+ Kb7
33. Rg7 Kc6 34. Rf7 Re5 35. Kc2 a5 36. Rf8 a4 37. Rc8+ Kd5 38. b4 axb3+ 39.
Kxb3 Re1 40. Kb4 Rb1+ 41. Ka5 Rb3 42. Rf8 Ke4 43. Re8+ Ne5 44. Rc8 Nc4+ 45.
Rxc4+ bxc4 {W resigned in a couple of moves} 0-1

[Event "Mechanics' Spring TNM; 30/90, SD/30"]
[Site "San Francisco"]
[Date "2010.04.13"]
[Round "5.25"]
[White "Rosenstein, Perry"]
[Black "Blum, Paul"]
[Result "1-0"]
[WhiteElo "1529"]
[BlackElo "629"]
[PlyCount "39"]
[EventDate "2010.??.??"]

1. e4 e5 2. d4 Nf6 3. Nf3 Nxe4 4. Nxe5 Qe7 5. Be2 d6 6. Nf3 Nc6 7. d5 Ne5 8.
O-O Bg4 9. Nxe5 Bxe2 10. Qxe2 Qxe5 11. Qb5+ c6 12. Qxb7 Rd8 13. dxc6 Nc5 14.
Qxa7 Be7 15. c7 Rc8 16. Bd2 O-O 17. Re1 Qxb2 18. Bc3 Qb7 19. Qxb7 Nxb7 20. Rxe7
1-0

[Event "Mechanics' Spring TNM; 30/90, SD/30"]
[Site "San Francisco"]
[Date "2010.04.27"]
[Round "7.25"]
[White "Rosenstein, Perry"]
[Black "Montoya, Daniel"]
[Result "1-0"]
[WhiteElo "1529"]
[BlackElo "1409"]
[PlyCount "31"]
[EventDate "2010.??.??"]

1. e4 e5 2. d4 exd4 3. c3 d5 4. exd5 Qxd5 5. Nf3 Bg4 6. cxd4 Nc6 7. Nc3 Bb4 8.
Be2 Bxf3 9. Bxf3 Qc4 10. Bxc6+ bxc6 11. Qf3 O-O-O 12. Qf5+ Kb8 13. Rb1 Nh6 14.
Qf3 Rhe8+ 15. Be3 Bxc3+ 16. bxc3+ {Black grabbed his Queen, preparing to
capture on c3, and then to his horror realized he was in check and would have
to play ...Qb5 so he resigned.} 1-0

[Event "Mechanics' Spring TNM; 30/90, SD/30"]
[Site "San Francisco"]
[Date "2010.03.23"]
[Round "2.17"]
[White "Rosenstein, Perry"]
[Black "Newey, Richard"]
[Result "0-1"]
[WhiteElo "1529"]
[BlackElo "1754"]
[PlyCount "78"]
[EventDate "2010.??.??"]

1. e4 c5 2. d4 cxd4 3. c3 dxc3 4. Nxc3 Nc6 5. Nf3 d6 6. Bc4 e6 7. O-O a6 8. a4
Nge7 9. Qe2 Ng6 10. Rd1 Be7 11. Be3 Qa5 12. Rac1 Bd7 13. h4 Qh5 14. g3 Nce5 15.
Nxe5 Qxe2 16. Bxe2 Nxe5 17. Bd4 f6 18. f4 Nc6 19. Be3 Rc8 20. g4 O-O 21. f5 Ne5
22. Bf4 exf5 23. Nd5 Kf7 24. Nc7 fxg4 25. Bxe5 fxe5 26. Bc4+ Kg6 27. Be2 h5 28.
Kg2 Bc6 29. Nd5 Bxd5 30. exd5 Bxh4 31. Bd3+ Kg5 32. Rxc8 Rxc8 33. Rf1 Rc7 34.
Rf5+ Kh6 35. Rf8 Re7 36. Kf1 e4 37. Bc2 Bf6 38. Kg2 Bxb2 39. Kg3 Kg5 0-1

[Event "Mechanics' Spring TNM; 30/90, SD/30"]
[Site "San Francisco"]
[Date "2010.04.27"]
[Round "7.6"]
[White "Rosenthal, Ed"]
[Black "Liu, Daniel"]
[Result "0-1"]
[WhiteElo "2103"]
[BlackElo "1973"]
[PlyCount "46"]
[EventDate "2010.??.??"]

1. e4 c5 2. Nc3 Nc6 3. d3 g6 4. g3 Bg7 5. Bg2 d6 6. Be3 e5 7. Qd2 Nd4 8. Nd5
Be6 9. Bxd4 cxd4 10. Nf3 Bxd5 11. exd5 Ne7 12. O-O O-O 13. Ng5 h6 14. Nh3 Qd7
15. c4 Kh7 16. Kh1 g5 17. f4 g4 18. Ng1 f5 19. fxe5 dxe5 20. h3 h5 21. Ne2 Bh6
22. Qe1 Be3 23. h4 $2 f4 0-1

[Event "Mechanics' Spring TNM; 30/90, SD/30"]
[Site "San Francisco"]
[Date "2010.03.16"]
[Round "1.8"]
[White "Rosenthal, Ed"]
[Black "Salvo, Tab"]
[Result "1-0"]
[WhiteElo "2103"]
[BlackElo "1692"]
[PlyCount "93"]
[EventDate "2010.??.??"]

1. e4 c5 2. Nc3 d6 3. g3 Nf6 4. Bg2 Nc6 5. d3 a6 6. f4 e6 7. Nf3 Qc7 8. O-O Be7
9. a4 O-O 10. Kh1 b6 11. Be3 Bb7 12. h3 Rad8 13. Qe1 g6 14. d4 cxd4 15. Nxd4
Nxd4 16. Bxd4 e5 17. Be3 exf4 18. Bxf4 Nh5 19. Bh6 d5 20. e5 Ng7 21. Kh2 Bc5
22. Bf4 Ne6 23. Rd1 Bd4 24. Rd3 Rfe8 25. h4 f6 26. Qd2 fxe5 27. Rxd4 exf4 28.
Bxd5 fxg3+ 29. Kg1 Qc5 30. b4 Qxd4+ 31. Qxd4 Bxd5 32. Qg4 g2 33. Re1 Nc7 34.
Rxe8+ Rxe8 35. Nxd5 Nxd5 36. Qxg2 Nf4 37. Qc6 Rf8 38. Qxb6 Kg7 39. Qxa6 Kh6 40.
Qd6 Rf5 41. a5 Kh5 42. Kf2 Kxh4 43. a6 Kg4 44. a7 Nd5+ 45. Ke1 Rh5 46. a8=Q
Rh1+ 47. Kd2 1-0